000 00541nam a22001697a 4500
003 OSt
005 20260115114819.0
008 260115b |||||||| |||| 00| 0 eng d
040 _cMRSPTU
041 _aEnglish
100 _aKaveri Narang, Supervisor: Abhilasha
245 _aLink Recovery Scheme For Mobile Ad hoc Network Using Improved DCFP Routing Protocol
260 _bDepartment of CSE, MRSPTU, Bathinda
_c2018
650 _aComputer Science
856 _uhttp://163.47.215.52:8080/jspui/handle/123456789/332
942 _2ddc
_cTH
_n0
999 _c10649
_d10649